| 000 | 00706nam a2200253Ia 4500 | ||
|---|---|---|---|
| 003 | OSt | ||
| 005 | 20220918185411.0 | ||
| 006 | a|||||r|||| 00| 0 | ||
| 007 | ta | ||
| 008 | 220917b |||||||| |||| 00| 0 eng d | ||
| 024 | _a50,900 | ||
| 037 | _cTextual | ||
| 040 |
_aARTS _cARTS _beng |
||
| 041 |
_2eng _aeng |
||
| 082 | _aP111:1, J81 (PD) | ||
| 100 |
_aClark Arthur Melville _956869 |
||
| 245 | 0 |
_aSpoken English _b an idiomatic grammar for foreign students |
|
| 250 | _a4th | ||
| 260 |
_aEdinburgh _bOliver and Boyd _c1958 |
||
| 300 |
_axix,309p. _ccm. |
||
| 650 | _aLINGUISTICS | ||
| 942 |
_hP111:1, J81 (PD) _cTEXL _2CC |
||
| 999 |
_c180495 _d180495 |
||